| 000 | 01006cam a2200301 i 4500 | ||
|---|---|---|---|
| 005 | 20260322212006.0 | ||
| 008 | data | ||
| 010 | _a 75007544 | ||
| 020 | _a0875892604 | ||
| 020 | _a9780875892603 | ||
| 040 |
_aNBrockU _cNBrockU _dCtY |
||
| 050 | 0 |
_aHV3006.A4 _bC65 |
|
| 090 | _aHV 40 A4 C65 1975 | ||
| 245 | 1 | 0 |
_aCoordinating human services : _bnew strategies for building service delivery systems / _cMichael T. Aiken. |
| 250 | _a1st ed. | ||
| 260 | 0 |
_aSan Francisco : _bJossey-Bass Publishers, _c1975. |
|
| 300 |
_axv, 206 p. ; _c24 cm. |
||
| 440 | 0 | _aJossey-Bass behavioral science series | |
| 500 | _aIncludes index. | ||
| 504 | _aBibliography: p. 185-196. | ||
| 590 | _aBibliography: p. 185-196. | ||
| 590 | _aIncludes index. | ||
| 590 | _aSeries: Jossey-Bass behavioral science series | ||
| 650 | 0 |
_aPeople with mental disabilities _xServices for _zUnited States _vCase studies. |
|
| 650 | 0 |
_aPublic welfare administration _vCase studies. |
|
| 700 | 1 |
_aAiken, Michael T., _d1932- |
|
| 001 | data | ||
| 999 |
_c95 _d95 |
||